01212nam a2200181Ia 4500008004100000020001800041050001600059245014800075260005500223300001800278500006300296505048000359650002500839650004600864700003900910700004100949700004000990120625s2002 sp 000 0 spa d a978842053548704aLC3965bE3810aEducación especialb: áreas curriculares para alumnos con necesidades educativas especiales c/ Rosalía E. Aranda Redruello, coordinadora3 aEspaña b: Madrid : Pearson Prentice Hallc,2002 a243 páginas aIncluye: Bibliografía al final de cada capítulo Anexos1 aÁreas curriculares para alumnos con necesidades educativas especiales (n.e.e.) y dificultades de aprendizaje Área del medio físico-social Área del lenguaje Área de matemáticas para alumnos con necesidades educativas especiales y dificultades de aprendizaje Área de educación física Área de música para alumnos con necesidades educativas especiales. Pautas para la educación infantil y primaria Área de plática Nueva tecnología y discapacidad10aEDUCACIÓN ESPECIAL10aEDUCACIÓNxCURRÍCULAxPLANIFICACIÓN aAlvarez Sánchez, Mercedeseautor aEspinosa Bayal, Ma. Ángeleseautor aGarcía Manjón, Ma. Elenaeautor